000 00505nam a2200169 a 4500
001 000034301
005 20200930073628.0
008 111003s2009 es 000 0 spa d
040 _aDO-SdBNP
_bspa
_cBNPHU
100 1 _aMartínez Álvarez, Santiago
_959731
245 1 0 _aHumor, amor y luz :
_bhoy y aquí /
_cSantiago Martínez Álvarez.
260 _aLeón :
_bGrupo Literario Guadiana.
300 _a45 p. ;
_c25 cm.
490 1 _abiográfica
_v20
830 0 _abibliográfica
_v20
_9112
049 _aBNPD
999 _c33792
_d33792